00464nam a2200145Ia 4500003000900000008004100009040001600050080001700066100002100083245011100104260006800215300001000283650001200293650001300305IN-BaIIA211028s9999 xx 000 0 eng d cIIA Library a53(047)bPHY aStickland, A. C. 0aReports on progress in physicsbvol. XXVIIIcA. C. Stickland  aLondonbThe Institute of Physics and the Physical Societyc1964 a551p. aPhysics aProgress